On a break (Record no. 76527)

MARC details
000 -LEADER
fixed length control field 01347cab a2200241 4500
001 - CONTROL NUMBER
control field ##L132618
008 - FIXED-LENGTH DATA ELEMENTS--GENERAL INFORMATION
fixed length control field 060223n2006 000 0 eng u
035 ## - SYSTEM CONTROL NUMBER
System control number (Sirsi) u132618
041 0# - LANGUAGE CODE
Language code of text/sound track or separate title eng
100 1# - MAIN ENTRY--PERSONAL NAME
Personal name Vollans, Gavin
245 00 - TITLE STATEMENT
Title On a break
260 ## - PUBLICATION, DISTRIBUTION, ETC.
Date of publication, distribution, etc. 2006
490 #0 - SERIES STATEMENT
Series statement Solicitors' Journal
Volume/sequential designation 150(6) 17 February 2006, 180-181(2)
520 ## - SUMMARY, ETC.
Summary, etc. Examines break clauses in leases, in the light of the decision in "Fitzroy House Epworth Street (No 1) Ltd v The Financial Times Ltd" ([2005] EWHC 2391 TCC, L132147). Warns that landlords must co-operate with tenants in any proposals to break the lease, and must not ignore the tenant or be deliberately obstructive. Tenants must take reasonable steps to ensure compliance with any preconditions in the break clause.
590 ## - LOCAL NOTE (RLIN)
Local note IKA280206
650 24 - SUBJECT ADDED ENTRY--TOPICAL TERM
Topical term or geographic name entry element FITZROY HOUSE EPWORTH STREET (NO 1) LTD AND FITZROY HOUSE EPWORTH STREET (NO 2) LTD V THE FINANCIAL TIMES LTD
650 24 - SUBJECT ADDED ENTRY--TOPICAL TERM
Topical term or geographic name entry element REED PERSONNEL SERVICES V AMERICAN EXPRESS EUROPE
650 24 - SUBJECT ADDED ENTRY--TOPICAL TERM
Topical term or geographic name entry element UNITED SCIENTIFIC HOLDINGS LTD V BURNLEY BC
650 24 - SUBJECT ADDED ENTRY--TOPICAL TERM
Topical term or geographic name entry element JOHN LAING CONSTRUCTION LTD V AMBER PASS LTD
650 24 - SUBJECT ADDED ENTRY--TOPICAL TERM
Topical term or geographic name entry element COMMERCIAL UNION LIFE ASSURANCE CO LTD V LABEL INK LTD
690 ## - LOCAL SUBJECT ADDED ENTRY--TOPICAL TERM (OCLC, RLIN)
Topical term or geographic name as entry element PROPERTY-COMMERCIAL PROPERTY-LEASEHOLD COMMERCIAL PROPERTY-COMMERCIAL LANDLORD AND TENANT-COMMERCIAL LEASES-BREACHING COMMERCIAL LEASES
942 ## - ADDED ENTRY ELEMENTS (KOHA)
Suppress in OPAC 0
Holdings
Withdrawn status Lost status Source of classification or shelving scheme Damaged status Not for loan Home library Current library Shelving location Date acquired Total Checkouts Full call number Barcode Date last seen Copy number Price effective from Koha item type
    Dewey Decimal Classification     London London Journal article 23/02/2006   L132618 132618-1001 06/08/2019 1 06/08/2019 Journal article